00930nam a22002297a 450000100040000000500170000400800410002102000180006204000300008005000100011008200120012010000220013224500920015426000360024630000470028250500070032952002770033652100190061352100200063265000280065265000200068080620230710105631.0230710b cb ||||| |||| 00| 0 eng d a9780439689854 aFISKHbeng cFISKHdFISKH a636.8 aSF445.7 aMilbourne, Anna.  aCats / cauditor: Milbourne, Anna ; illustrated by Donaera, Patrizia adn Fox Christyan  aNew York: bScholastic,c2003.  a32 pages: bcolor illustrations, c21 cm.  aJ  aIn this book you'll find the answers and learn lots more about the curious world of cats.Cats is part of an exciting series of books for children who are beginning to read on their own. The easy to read text has been specifically written with the help of a reading expert. a510 bLexile  aJ bRaz-Plus  azoologyvpetsxscience  anaturevkittens